| 000 | 00655nam a2200205 a 4500 | ||
|---|---|---|---|
| 001 | 000023672 | ||
| 005 | 20200930022403.0 | ||
| 008 | 101218s1979 ve r 001 0 spa d | ||
| 040 |
_aDO-SdBNP _bspa _cBNPHU |
||
| 082 |
_axxxxx _bS456i |
||
| 100 | 1 |
_aSegui Conzález, Luis _948769 |
|
| 245 | 1 | 3 |
_aLa inmigración y su contribución al desarrollo / _cLuis Segui González. |
| 260 |
_aCaracas : _bMonte Avila Editores, _c1979. |
||
| 300 |
_a281 p. : ; _c18 cm. |
||
| 490 | 1 | _aContinente | |
| 500 | _aIncluye índice alfabético. | ||
| 500 | _aIncluye referencia biográfica del autor en la contraportada. | ||
| 830 | 0 |
_aContinente _95070 |
|
| 049 | _aBNGR | ||
| 999 |
_c23168 _d23168 |
||